Statistiques concernant Culture Générale - Série 1147

Cliquez ici pour prendre le quiz!

Statistiques générales

  • Ce quiz a été pris 46 fois
  • Le résultat moyen est 6 sur 10

Statistiques - réponses

QuestionRéponse% Correct
Quel nom de philosophe est aussi une unité de pression et l'adjectif qualifiant la fête de Pâques ?Pascal
85%
Quel philosophe a énoncé le principe du “cogito”, le célèbre "Je pense, donc je suis" ?René Descartes
80%
Quelle planète du Système solaire a son orbite située entre celles de Mars et de Saturne ?Jupiter
80%
Quel membre des Jackson Five a-t-on surnommé le "King of Pop" ?Michael Jackson
78%
Dans quel pays se trouve le massif des Dolomites ?Italie
78%
Dans les aventures de Tintin, comment se prénomme le domestique du château de Moulinsart ?Nestor
61%
A quelle famille, qui régna sur l'Angleterre de 1485 à 1603, appartient le roi Henry VIII ?Tudor
57%
Quel synonyme de "roi" désigne le papillon diurne américain qui migre par millions du Canada au Mexique ?monarque
35%
Quel arbuste de la famille des saxifragacées, dont le nom est tiré du latin signifiant “de jardin”, est cultivé pour ses grosses boules de fleurs ?hortensia
28%
Dans quel film d'Ariel Zeitoun, sorti en 2001, peut-on voir une bande de jeunes pratiquer "l'art du déplacement" ?Yamakasi
20%

Distribution des résultats

Percentile par nombre de réponses

% des personnes avec chaque résultat

Votre développement - résultats

Vous n’avez pas pris ce quiz